Éléments chimiques et symboles qui ont une première lettre différente - Statistiques

Statistiques générales
  • Ce quiz a été pris 4 859 fois
  • Le résultat moyen est 4 sur 8
Statistiques - réponses
Symbole Réponse % Correct
Au Or
77%
N Azote
73%
K Potassium
65%
Na Sodium
54%
W Tungstène
37%
Hg Mercure
35%
Sn Étain
34%
Sb Antimoine
23%
Aucun quiz correspondant
Distribution des résultats
% des personnes avec chaque résultat
Percentile par nombre de réponses
Votre historique - résultats
Vous n’avez pas pris ce quiz